| 000 | 00430nam a2200169Ia 4500 | ||
|---|---|---|---|
| 008 | 151213s9999 xx 000 0 und d | ||
| 020 | _a984 - 809 - 027 - 4 | ||
| 100 | _aS. M. Abdul Khaleque | ||
| 245 |
_aJane Austin And Her Class _cS. M. Abdul Khaleque |
||
| 250 | _a1st | ||
| 260 |
_aDhaka _bUGC _c2007 |
||
| 300 | _a4409 p. | ||
| 650 | _aBiography | ||
| 650 | _aReference | ||
| 700 | _aS. M. Abdul Khaleque | ||
| 999 |
_c2797 _d2797 |
||